[Event "8th ch-Euro"]
[Site "Dresden GER"]
[Date "2007.04.08"]
[Round "6"]
[White "Handke,F"]
[Black "Michalczak,T"]
[Result "1-0"]
[WhiteElo "2459"]
[BlackElo "2332"]
[EventDate "2007.04.03"]

1. e4 e5 2. Nf3 Nc6 3. Bb5 f5 4. Nc3 fxe4 5. Nxe4 d5 6. Nxe5 dxe4 7. Nxc6
Qd5 8. c4 Qd6 9. Nxa7+ Bd7 10. Bxd7+ Qxd7 11. Nb5 Nf6 12. O-O Bc5 13. b4
Bd4 14. Nxd4 Qxd4 15. Rb1 O-O 16. Qb3 Ng4 17. Bb2 Qxd2 18. c5+ Kh8 19. Qg3
Qd7 20. Rbd1 Qf5 21. f3 exf3 22. Rxf3 Qe4 23. Qxc7 Qg6 24. Rg3 h5 25. h3
Rf7 26. Qd6 Qf5 27. Rf3 Qe4 28. Rxf7 Qe3+ 29. Kh1 1-0

[Event "8th ch-Euro"]
[Site "Dresden GER"]
[Date "2007.04.08"]
[Round "6"]
[White "Fernandes,An"]
[Black "Dinger,F"]
[Result "0-1"]
[WhiteElo "2452"]
[BlackElo "2286"]
[EventDate "2007.04.03"]

1. d4 d6 2. e4 Nf6 3. Nc3 e5 4. Nge2 Be7 5. g3 O-O 6. Bg2 c6 7. a4 b6 8.
O-O Bb7 9. h3 h5 10. Be3 a6 11. f4 Nbd7 12. d5 Qc7 13. Qd2 b5 14. a5 Rac8
15. b4 Rfe8 16. dxc6 Qxc6 17. Rab1 Qc4 18. Qd3 Bf8 19. f5 d5 20. Nxd5 Nxd5
21. exd5 Bxb4 22. f6 Bc5 23. Bxc5 Qxc5+ 24. Rf2 Nxf6 25. Rbf1 Bxd5 26. c3
Bc4 27. Qc2 e4 28. Kh2 Bd3 0-1

[Event "8th ch-Euro"]
[Site "Dresden GER"]
[Date "2007.04.08"]
[Round "6"]
[White "Gutman,L"]
[Black "Beckhuis,G"]
[Result "0-1"]
[WhiteElo "2464"]
[BlackElo "2313"]
[EventDate "2007.04.03"]

1. Nf3 c5 2. g3 Nc6 3. d4 cxd4 4. Nxd4 g6 5. Nxc6 bxc6 6. Bg2 Bg7 7. O-O
Rb8 8. Nd2 c5 9. e4 d6 10. Re1 Qc7 11. Nc4 Ba6 12. Ne3 e6 13. c3 Nf6 14. b3
O-O 15. Rb1 Rfd8 16. c4 Bb7 17. Qc2 Bc6 18. Bb2 Qb7 19. e5 Bxg2 20. exf6
Be4 21. Qe2 Bf8 22. Rbc1 Bf3 23. Qf1 d5 24. cxd5 exd5 25. Qh3 d4 26. Nc4
Qc8 27. Qxc8 Rbxc8 28. Ne5 Bb7 29. Ba3 Ba6 30. f4 Bb5 31. Kf2 a5 32. Nc4 a4
33. bxa4 Ba6 34. Re5 d3 35. Nd2 c4 36. Bxf8 Kxf8 37. Rc3 Rb8 38. Ke3 Rb2
0-1

[Event "8th ch-Euro"]
[Site "Dresden GER"]
[Date "2007.04.08"]
[Round "6"]
[White "Kersten,U"]
[Black "Grunberg,M"]
[Result "0-1"]
[WhiteElo "2311"]
[BlackElo "2439"]
[EventDate "2007.04.03"]

1. e4 Nf6 2. e5 Nd5 3. d4 d6 4. Nf3 dxe5 5. Nxe5 c6 6. Bc4 Nd7 7. Nf3 N7b6
8. Bb3 a5 9. a4 Bg4 10. Nbd2 e6 11. h3 Bh5 12. Ne4 Be7 13. Ng3 Bg6 14. Ne5
Nd7 15. Nxg6 hxg6 16. Ne4 Rh4 17. Qe2 Qb6 18. g3 Rh5 19. Be3 O-O-O 20.
O-O-O N7f6 21. Nd2 Nxe3 22. fxe3 c5 23. g4 Rhh8 24. Nc4 Qc7 25. Qf3 g5 26.
Kb1 Kb8 27. Rd3 Rhf8 28. Rhd1 cxd4 29. Rxd4 Rxd4 30. exd4 Nd5 31. Ne5 Nf4
32. h4 Bd6 33. hxg5 Bxe5 34. dxe5 Ng6 35. Rd6 Nxe5 36. Qd1 Rh8 37. Rd2 Ka7
38. Qe2 Qc5 39. Ka2 Rh4 40. c3 Rxg4 41. Rd8 Rxg5 42. Qh2 Rg1 43. Qh8 Nc6
44. Rd7 Rg2 45. Qh1 Qf2 46. Qc1 g5 47. Bc4 Ne5 0-1

[Event "8th ch-Euro"]
[Site "Dresden GER"]
[Date "2007.04.08"]
[Round "6"]
[White "Koepke,C"]
[Black "Szabo,Kr1"]
[Result "0-1"]
[WhiteElo "2285"]
[BlackElo "2465"]
[EventDate "2007.04.03"]

1. e4 c5 2. Nf3 d6 3. d4 cxd4 4. Nxd4 Nf6 5. Nc3 a6 6. Be3 Nc6 7. f3 e6 8.
Qd2 Be7 9. g4 O-O 10. O-O-O Nxd4 11. Bxd4 b5 12. Kb1 Nd7 13. h4 Qc7 14. g5
b4 15. Na4 Bb7 16. b3 Bc6 17. Nb2 a5 18. h5 Ne5 19. Qe3 a4 20. Nc4 axb3 21.
cxb3 f5 22. Bh3 Nxc4 23. bxc4 Ra3 24. Rd3 Bxg5 25. Qe2 e5 26. Bb2 fxe4 27.
Be6+ Kh8 28. fxe4 Rxd3 29. Qxd3 Qe7 30. Bd5 Bd7 31. Rf1 Rxf1+ 32. Qxf1 Qf6
33. Qg1 Ba4 34. a3 bxa3 35. Bxa3 Qd8 36. Bxd6 Qxd6 37. Qxg5 Qb4+ 38. Ka2
Qb3+ 39. Ka1 Qc3+ 40. Kb1 Bc2+ 41. Kc1 Bb3+ 0-1

[Event "8th ch-Euro"]
[Site "Dresden GER"]
[Date "2007.04.08"]
[Round "6"]
[White "Zeller,F"]
[Black "Jahnel,G"]
[Result "1-0"]
[WhiteElo "2430"]
[BlackElo "2303"]
[EventDate "2007.04.03"]

1. e4 d6 2. d4 Nf6 3. Nc3 g6 4. Be3 c6 5. Qd2 b5 6. Bd3 Nbd7 7. Nf3 e5 8.
O-O Bb7 9. h3 Bg7 10. dxe5 dxe5 11. a4 a6 12. Ne2 O-O 13. Ng3 Qe7 14. c4
Rfd8 15. cxb5 cxb5 16. axb5 axb5 17. Rxa8 Bxa8 18. Qa5 b4 19. Bc4 h6 20.
Nh4 Nxe4 21. Nxg6 Qe8 22. Nf5 Rb8 23. f3 Kh7 24. Nxg7 Kxg7 25. fxe4 fxg6
26. Rf7+ Qxf7 27. Bxf7 Kxf7 28. Qc7 Ke8 29. Bxh6 Bxe4 30. Bg5 Rb7 1-0

[Event "8th ch-Euro"]
[Site "Dresden GER"]
[Date "2007.04.08"]
[Round "6"]
[White "Swinkels,R"]
[Black "Grant,J"]
[Result "1-0"]
[WhiteElo "2428"]
[BlackElo "2283"]
[EventDate "2007.04.03"]

1. e4 c6 2. d4 d5 3. Nd2 dxe4 4. Nxe4 Bf5 5. Ng3 Bg6 6. h4 h6 7. Nf3 Nd7 8.
h5 Bh7 9. Bd3 Bxd3 10. Qxd3 e6 11. Bf4 Ngf6 12. O-O-O Be7 13. Kb1 Qa5 14.
Ne4 Nxe4 15. Qxe4 Nf6 16. Qe2 Nxh5 17. Bd2 Qf5 18. Ne5 Nf6 19. Rde1 Rf8 20.
g4 Qh7 21. Rh3 Nd5 22. Rb3 O-O-O 23. Nxc6 bxc6 24. Qa6+ Kd7 25. Rb7+ Nc7
26. Rxc7+ Kxc7 27. Qxa7+ Kc8 28. Qxe7 Rh8 29. Bf4 Rd7 30. Qa3 Kd8 31. Bd6
Rxd6 32. Qxd6+ Ke8 33. Re5 1-0

[Event "8th ch-Euro"]
[Site "Dresden GER"]
[Date "2007.04.08"]
[Round "6"]
[White "Figura,A"]
[Black "Graf,F"]
[Result "1-0"]
[WhiteElo "2408"]
[BlackElo "2249"]
[EventDate "2007.04.03"]

1. Nf3 d5 2. d4 c6 3. e3 Nf6 4. c4 e6 5. Nbd2 Nbd7 6. Bd3 Bd6 7. O-O O-O 8.
e4 e5 9. cxd5 cxd5 10. exd5 exd4 11. Nc4 Nc5 12. Nxd6 Qxd6 13. Bc4 a6 14.
Qxd4 Nce4 15. a4 Bd7 16. b3 Rfe8 17. a5 Rac8 18. g3 Bb5 19. Ba3 Qd8 20. d6
Bxc4 21. bxc4 Nd7 22. Rfe1 Qf6 23. Qxf6 Nexf6 24. Rxe8+ Rxe8 25. Rb1 Rb8
26. Bc1 h6 27. Be3 Ne4 28. Ba7 Rd8 29. Rxb7 Nxd6 30. Rc7 Kf8 31. Bb6 Nxb6
32. axb6 a5 33. Ne5 a4 34. Ra7 f6 35. Ng6+ Kg8 36. c5 1-0

[Event "8th ch-Euro"]
[Site "Dresden GER"]
[Date "2007.04.08"]
[Round "6"]
[White "Ris,R"]
[Black "Huschenbeth,N"]
[Result "1/2-1/2"]
[WhiteElo "2403"]
[BlackElo "2259"]
[EventDate "2007.04.03"]

1. d4 Nf6 2. Nf3 g6 3. Bg5 Bg7 4. Nbd2 d5 5. e3 Nbd7 6. c3 O-O 7. Be2 b6 8.
O-O Bb7 9. Bh4 Re8 10. a4 a5 11. b4 c5 12. bxc5 bxc5 13. Bb5 Ba6 14. Rb1
Bxb5 15. Rxb5 Rb8 16. Qe2 c4 17. Rfb1 Rxb5 18. Rxb5 Qa8 19. Bg3 Rc8 20. h3
Rc6 21. Ne5 Rb6 22. Nb1 Rxb5 23. axb5 Nxe5 24. Bxe5 Qb7 25. Qb2 Ne8 26. b6
Bxe5 27. dxe5 Nc7 28. Na3 Kg7 29. e4 e6 30. exd5 exd5 31. Qb1 Na8 1/2-1/2

[Event "8th ch-Euro"]
[Site "Dresden GER"]
[Date "2007.04.08"]
[Round "6"]
[White "Nagel,B"]
[Black "Ardeleanu,A"]
[Result "1/2-1/2"]
[WhiteElo "2273"]
[BlackElo "2407"]
[EventDate "2007.04.03"]

1. d4 Nf6 2. c4 g6 3. Nc3 Bg7 4. e4 d6 5. Nf3 O-O 6. Be2 Bg4 7. Be3 Nfd7 8.
Ng1 Bxe2 9. Ngxe2 a6 10. O-O c6 11. a4 a5 12. Qd2 Na6 13. Bh6 Qb6 14. Bxg7
Kxg7 15. Qg5 e5 16. Rad1 Qd8 17. Qg3 Qe7 18. f4 Kh8 19. c5 exd4 20. cxd6
Qxd6 21. Rxd4 Qe7 22. h4 Rad8 23. Qg5 Qxg5 24. hxg5 Ndc5 25. Rfd1 Rxd4 26.
Rxd4 Ne6 27. Rd1 Nac5 28. Kf2 Kg7 29. Ke3 Rb8 30. Nd4 Nxd4 31. Rxd4 Ne6 32.
Rd6 Kf8 33. e5 b5 34. axb5 cxb5 35. Ra6 a4 36. Ra5 Nc7 37. g4 Ke8 38. Ra7
Kd8 39. Ke4 Kc8 40. Nd5 Rb7 41. Ne7+ Kb8 42. Nc6+ Kc8 43. Rxb7 Kxb7 44.
Nd8+ Kb6 45. Nxf7 b4 46. Kd4 a3 47. bxa3 bxa3 48. Kc3 Nd5+ 49. Kb3 Nxf4 50.
Kxa3 Kc5 51. Kb3 Kd4 52. Kc2 Ne6 53. Kb3 Nc5+ 54. Kc2 Kd5 55. Kd2 Ke6 56.
Nd8+ Kxe5 57. Ke3 Kd5 58. Kf4 Nd3+ 59. Ke3 Ne5 60. Kf4 Nd3+ 61. Ke3 Nb4 62.
Nf7 Nc6 63. Kf4 Ke6 64. Nh6 Nd8 65. Ke4 Kd6 66. Nf5+ gxf5+ 67. Kxf5 Ke7 68.
g6 h6 69. g5 h5 70. g7 Kf7 71. g6+ Kxg7 72. Kg5 1/2-1/2

[Event "8th ch-Euro"]
[Site "Dresden GER"]
[Date "2007.04.08"]
[Round "6"]
[White "Erdogdu,M"]
[Black "Lubbe,N"]
[Result "1/2-1/2"]
[WhiteElo "2409"]
[BlackElo "2243"]
[EventDate "2007.04.03"]

1. e4 d5 2. exd5 Qxd5 3. Nc3 Qa5 4. d4 Nf6 5. Nf3 Bf5 6. Ne5 c6 7. g4 Be6
8. Bc4 Bxc4 9. Nxc4 Qc7 10. Qe2 Nbd7 11. Be3 h5 12. g5 Nd5 13. Bd2 g6 14.
O-O-O Bg7 15. Qe4 e6 16. f4 O-O-O 17. Ne2 c5 18. Ne5 cxd4 19. Nxf7 Nc5 20.
Qxg6 Rhg8 21. Nxd8 d3 22. Nc3 Rxd8 23. cxd3 Bxc3 24. Bxc3 Nxc3 25. bxc3 Qa5
26. d4 Qxa2 27. dxc5 Qa3+ 1/2-1/2

[Event "8th ch-Euro"]
[Site "Dresden GER"]
[Date "2007.04.08"]
[Round "6"]
[White "Spiess,Gu"]
[Black "Bakker,S"]
[Result "1-0"]
[WhiteElo "2398"]
[BlackElo "2232"]
[EventDate "2007.04.03"]

1. d4 Nf6 2. Nf3 e6 3. c4 b6 4. g3 Ba6 5. Qc2 Bb7 6. Bg2 c5 7. d5 exd5 8.
cxd5 Nxd5 9. O-O Nc7 10. Rd1 Be7 11. Nc3 Nc6 12. e4 Ne6 13. Be3 O-O 14. Rd2
Ncd4 15. Nxd4 cxd4 16. Bxd4 Nxd4 17. Rxd4 Bf6 18. e5 Bxg2 19. exf6 Bc6 20.
fxg7 Kxg7 21. Qf5 Qe7 22. Rh4 h6 23. Qf4 Qe6 24. Qd4+ Kg6 25. Qd2 Kh7 26.
Re1 Qg6 27. Nd5 Rae8 28. Rxe8 Rxe8 29. Qxh6+ Qxh6 30. Nf6+ Kg6 31. Rxh6+
Kxh6 32. Nxe8 d5 33. Nd6 Kg6 34. f4 Bd7 35. h4 Bg4 36. Nb5 Kf5 37. Kf2 a6
38. Nc7 d4 39. Nd5 b5 40. Ke1 Bf3 41. Nb4 Kg4 42. Kf2 Be4 43. Nxa6 d3 44.
Nc5 d2 45. Ke2 Bb1 46. a4 bxa4 47. Kxd2 Kxg3 48. Ke3 Bc2 49. h5 1-0

[Event "8th ch-Euro"]
[Site "Dresden GER"]
[Date "2007.04.08"]
[Round "6"]
[White "Atakisi,U"]
[Black "Startsev,V"]
[Result "1-0"]
[WhiteElo "2384"]
[BlackElo "2246"]
[EventDate "2007.04.03"]

1. e4 Nf6 2. e5 Nd5 3. d4 d6 4. Nf3 Bg4 5. Be2 g6 6. h3 Bc8 7. O-O Bg7 8.
c4 Nb6 9. exd6 cxd6 10. Nc3 O-O 11. Be3 Nc6 12. d5 Na5 13. Bd4 Naxc4 14.
Bxg7 Kxg7 15. Bxc4 Nxc4 16. Qd4+ Ne5 17. Nxe5 dxe5 18. Qxe5+ f6 19. Qe3 Rf7
20. Rac1 Bd7 21. Rfd1 Qb6 22. Qxb6 axb6 23. Rd4 f5 24. Re1 Kf8 25. d6 exd6
26. Rxd6 Bc6 27. a3 Re8 28. Red1 Re5 29. f3 Rfe7 30. Kf2 Kf7 31. R1d2 R5e6
32. R6d4 Re5 33. Rh4 Kf6 34. Rd6+ Kg7 35. Rb4 b5 36. Rbd4 h6 37. h4 g5 38.
hxg5 hxg5 39. Rd2 R5e6 40. Rd8 Re8 41. R8d4 Kf6 42. Rb4 Re5 43. Rbd4 f4 44.
Rb4 Kf5 45. Ne2 Kf6 46. Rbd4 R5e6 47. Rc2 Re5 48. Rd6+ R5e6 49. Rdd2 Re5
50. Nd4 Rd5 51. Nxc6 Rxd2+ 52. Rxd2 bxc6 53. Rd6+ Re6 54. Rxe6+ Kxe6 55.
Ke2 c5 56. b3 Ke5 57. Kd3 Kd5 58. a4 c4+ 59. bxc4+ bxc4+ 60. Kc3 Kc5 61. a5
1-0

[Event "8th ch-Euro"]
[Site "Dresden GER"]
[Date "2007.04.08"]
[Round "6"]
[White "Logothetis,S"]
[Black "Degtiarev,E"]
[Result "1/2-1/2"]
[WhiteElo "2221"]
[BlackElo "2393"]
[EventDate "2007.04.03"]

1. Nf3 d5 2. d4 c6 3. c4 Nf6 4. Nc3 a6 5. a4 e6 6. Bg5 h6 7. Bh4 dxc4 8. a5
g5 9. Bg3 Bb4 10. Qa4 Nd5 11. e3 f5 12. Be5 O-O 13. Bxc4 Be7 14. O-O Nd7
15. e4 fxe4 16. Nxe4 g4 17. Nfd2 Nxe5 18. dxe5 Qc7 19. f4 Nxf4 20. Nf6+
Bxf6 21. Rxf4 Qxe5 22. Rxg4+ Bg7 23. Nf3 Qxb2 24. Re1 b5 25. axb6 Qxb6+ 26.
Kh1 Ra7 27. Qa2 Re7 28. Bxe6+ Kh8 29. Rge4 Rfe8 30. h4 c5 31. Bd5 Rxe4 32.
Rxe4 Rxe4 33. Bxe4 Be6 34. Bd5 Bf5 35. Qe2 Qd8 36. Qc4 Qd6 37. h5 Bf6 38.
Bb7 Qd1+ 39. Kh2 Qd6+ 40. Kh1 Bd3 41. Qf7 Qe7 42. Qd5 a5 43. Qxd3 Qxb7 44.
Qe3 Qb1+ 45. Kh2 Qb8+ 46. Kh1 Qf8 47. Ne5 1/2-1/2

[Event "8th ch-Euro"]
[Site "Dresden GER"]
[Date "2007.04.08"]
[Round "6"]
[White "Bente,B"]
[Black "Estremera Panos,S"]
[Result "0-1"]
[WhiteElo "2228"]
[BlackElo "2386"]
[EventDate "2007.04.03"]

1. d4 Nf6 2. Nc3 d5 3. Bg5 Nbd7 4. Qd3 h6 5. Bh4 c6 6. O-O-O Qa5 7. Nf3 Ne4
8. Kb1 Nxc3+ 9. Qxc3 Qxc3 10. bxc3 Nb6 11. Kc1 Bf5 12. e3 e6 13. Bd3 Be4
14. Kd2 f6 15. Ne1 O-O-O 16. f3 Bh7 17. g4 Re8 18. Bg3 e5 19. f4 exd4 20.
exd4 Be4 21. Rg1 h5 22. h3 hxg4 23. hxg4 Rh3 24. f5 Rxg3 25. Rxg3 Bd6 26.
Rg1 Bf4+ 27. Ke2 Bxd3+ 28. Kf2 Be2 29. Rb1 Be3+ 30. Kxe2 Bxg1+ 31. Kf3 Bh2
0-1

[Event "8th ch-Euro"]
[Site "Dresden GER"]
[Date "2007.04.08"]
[Round "6"]
[White "Erturan,Y"]
[Black "Schulz,M1"]
[Result "1-0"]
[WhiteElo "2360"]
[BlackElo "2274"]
[EventDate "2007.04.03"]

1. b3 Nf6 2. Bb2 d5 3. e3 Bf5 4. Nf3 Nbd7 5. c4 e6 6. Be2 c6 7. O-O Bd6 8.
d3 Qc7 9. Nbd2 Ne5 10. Nxe5 Bxe5 11. Bxe5 Qxe5 12. Nf3 Qd6 13. Nh4 Bg6 14.
d4 Ne4 15. Qc1 Qe7 16. Nf3 Bh5 17. Re1 Bxf3 18. Bxf3 f5 19. Bh5+ g6 20. Be2
Qh4 21. f3 Nd6 22. Qa3 Qe7 23. Bd3 Nc8 24. Qxe7+ Nxe7 25. cxd5 exd5 26. e4
dxe4 27. fxe4 O-O-O 28. exf5 Nxf5 29. Bxf5+ gxf5 30. Rad1 Rhe8 31. Rxe8
Rxe8 32. Kf2 Kd7 33. Rd3 Re7 34. Rf3 Rf7 35. Ke3 Kd6 36. Rh3 a5 37. Kd3 b5
38. a4 Rg7 39. g3 bxa4 40. bxa4 Rb7 41. Kc3 Kd5 42. Rh5 Ke4 43. Rh6 Rb4 44.
Re6+ Kf3 45. Rxc6 Rxa4 46. Rh6 Ra1 47. Rxh7 Rd1 48. Ra7 Ra1 49. Rf7 Kg4 50.
d5 a4 51. Rg7+ Kf3 52. d6 Rd1 53. d7 a3 54. Kb3 Rd3+ 55. Ka2 f4 56. Rf7 Kg2
57. gxf4 Kxh2 58. f5 Kg3 59. f6 Kf4 60. Re7 1-0

[Event "8th ch-Euro"]
[Site "Dresden GER"]
[Date "2007.04.08"]
[Round "6"]
[White "Vehi Bach,V"]
[Black "Klokas,K"]
[Result "1-0"]
[WhiteElo "2368"]
[BlackElo "2231"]
[EventDate "2007.04.03"]

1. e4 c5 2. Nf3 Nc6 3. d4 cxd4 4. Nxd4 Nf6 5. Nc3 e5 6. Ndb5 d6 7. Bg5 a6
8. Na3 b5 9. Bxf6 gxf6 10. Nd5 Bg7 11. Bd3 Ne7 12. Nxe7 Qxe7 13. O-O O-O
14. Qf3 f5 15. exf5 Bb7 16. Be4 d5 17. Bxd5 e4 18. f6 Bxf6 19. Qg4+ Kh8 20.
Bxb7 Qxb7 21. c3 b4 22. Qf5 Qe7 23. Nc4 bxc3 24. bxc3 Bxc3 25. Rac1 Bd4 26.
Ne3 Rg8 27. Rc4 Rad8 28. Nc2 Rg5 29. Qf4 Be5 30. Qxe4 f5 31. Qf3 Rdg8 32.
Ne1 Qe6 33. Qc6 Bd6 34. g3 f4 35. Rxf4 R5g6 36. Re4 Qxa2 37. Qc3+ R6g7 38.
Nf3 h6 39. Qf6 Bf8 40. Rh4 1-0

[Event "8th ch-Euro"]
[Site "Dresden GER"]
[Date "2007.04.08"]
[Round "6"]
[White "Kayser,Fe"]
[Black "Sievers,S"]
[Result "1/2-1/2"]
[WhiteElo "2194"]
[BlackElo "2376"]
[EventDate "2007.04.03"]

1. e4 c5 2. Nc3 g6 3. f4 Bg7 4. Nf3 Nc6 5. Bb5 Nd4 6. O-O Nxb5 7. Nxb5 d6
8. d3 Nf6 9. Nc3 O-O 10. Qe1 e6 11. Qh4 Nh5 12. Qf2 f5 13. e5 b6 14. Re1
Bb7 15. Qe2 Re8 16. Nb5 Bxf3 17. Qxf3 d5 18. Nd6 Re7 19. c4 d4 20. g4 fxg4
21. Qxg4 Qd7 22. Re2 Rf8 23. Rg2 Kh8 24. Bd2 Bh6 25. Rf2 a6 26. b3 Rg7 27.
Kf1 Qc6 28. Ke2 Re7 29. Qh4 Rd7 30. Raf1 Bg7 31. Kd1 b5 32. Qh3 Re7 33. Qh4
Ra7 34. Qh3 Re7 35. Qh4 Rd7 36. Qh3 Re7 1/2-1/2

[Event "8th ch-Euro"]
[Site "Dresden GER"]
[Date "2007.04.08"]
[Round "6"]
[White "Brendel,O"]
[Black "Sondermann,J"]
[Result "1-0"]
[WhiteElo "2370"]
[BlackElo "2154"]
[EventDate "2007.04.03"]

1. e4 c5 2. Nf3 d6 3. d4 cxd4 4. Nxd4 Nf6 5. Nc3 g6 6. g3 Nc6 7. Bg2 Bd7 8.
O-O Bg7 9. Nde2 Qc8 10. Nf4 O-O 11. Re1 Rb8 12. a4 Ne5 13. Nfd5 Nxd5 14.
Nxd5 Re8 15. Bg5 f6 16. Be3 Ra8 17. b3 e6 18. Nf4 Nf7 19. c4 Bc6 20. Ra2
Qc7 21. Qd2 Rad8 22. a5 Qb8 23. h4 Ne5 24. Qe2 Bh8 25. Rd1 f5 26. exf5 Bxg2
27. Kxg2 gxf5 28. Qh5 Bf6 29. Nh3 Re7 30. Bg5 Bxg5 31. Nxg5 Qc8 32. Rad2
Qc6+ 33. f3 Ng4 34. Re2 Ra8 35. Kh3 h6 36. fxg4 fxg4+ 37. Qxg4 hxg5 38.
Qxg5+ Rg7 39. Qh5 Rf8 40. Kh2 e5 41. Rd5 Rf6 42. g4 b6 43. g5 Rf4 44. g6
Rf6 45. Rg2 Qe8 46. Rd3 bxa5 47. Rdg3 a4 48. bxa4 Qxa4 49. Qg5 Rf8 50. h5
Qxc4 51. h6 Rf4 52. h7+ Kh8 53. Qd8+ Rg8 54. g7+ Kxh7 55. Rh3+ 1-0

[Event "8th ch-Euro"]
[Site "Dresden GER"]
[Date "2007.04.08"]
[Round "6"]
[White "Kaphle,Se"]
[Black "Bach,Mat"]
[Result "1-0"]
[WhiteElo "2010"]
[BlackElo "2364"]
[EventDate "2007.04.03"]

1. a3 b5 2. e4 Bb7 3. Nc3 a6 4. d4 d6 5. Nf3 g6 6. Bd3 Nd7 7. Bg5 Bg7 8.
O-O f6 9. Be3 e5 10. dxe5 dxe5 11. b4 Nh6 12. Qe2 O-O 13. Rfd1 Nf7 14. a4
c6 15. Na2 Qe7 16. c4 a5 17. cxb5 axb4 18. bxc6 Bxc6 19. Bb5 Nb8 20. Rac1
Qb7 21. Nxb4 Bxe4 22. Ne1 Bf5 23. Ned3 Rd8 24. Nc5 Qe7 25. Nd5 Qf8 26. Nc7
Ra5 27. Nb3 Rxd1+ 28. Rxd1 Rxb5 29. axb5 Qb4 30. Nc5 Bf8 31. N5a6 Qa5 32.
b6 Nxa6 33. Qxa6 1-0

[Event "8th ch-Euro"]
[Site "Dresden GER"]
[Date "2007.04.08"]
[Round "6"]
[White "Borriss,M"]
[Black "Makoli,P"]
[Result "1-0"]
[WhiteElo "2463"]
[BlackElo "2245"]
[EventDate "2007.04.03"]

1. e4 c5 2. Nf3 e6 3. d4 cxd4 4. Nxd4 a6 5. Bd3 Nf6 6. O-O Qc7 7. c4 Bc5 8.
Nf3 Nc6 9. a3 Ng4 10. b4 Nd4 11. Nbd2 Be7 12. g3 Bf6 13. Nxd4 Bxd4 14. Rb1
h5 15. Be2 Nxh2 16. Kxh2 h4 17. f4 hxg3+ 18. Kg2 g5 19. Nf3 Bf2 20. Rh1 Rg8
21. fxg5 b5 22. cxb5 Bb7 23. Rh4 axb5 24. Bxb5 Ke7 25. Bb2 d5 26. exd5 Bxd5
27. Rc1 Qb7 28. Bf6+ Kf8 29. Bc6 1-0

[Event "8th ch-Euro"]
[Site "Dresden GER"]
[Date "2007.04.08"]
[Round "6"]
[White "Hunt,A"]
[Black "Kues,H"]
[Result "1-0"]
[WhiteElo "2461"]
[BlackElo "2243"]
[EventDate "2007.04.03"]

1. e4 e6 2. d4 d5 3. Nc3 Bb4 4. e5 c5 5. a3 Bxc3+ 6. bxc3 Nc6 7. h4 Nge7 8.
h5 Qa5 9. Bd2 Bd7 10. Nf3 O-O-O 11. h6 gxh6 12. Rxh6 Rdg8 13. g3 Qa4 14.
Bd3 c4 15. Be2 Rg6 16. Rh5 Nf5 17. Ng5 f6 18. exf6 h6 19. g4 Nd6 20. Bf4
Nb5 21. Nf7 Rh7 22. Nd6+ Nxd6 23. Bxd6 Rxf6 24. g5 Rg6 25. Bf4 Qa5 26. Qd2
Rgg7 27. Rxh6 Rxh6 28. gxh6 Rg1+ 29. Bf1 e5 30. dxe5 Bh3 31. Ke2 Bg4+ 32.
f3 Bf5 33. Rd1 Rh1 34. Bg2 Rxd1 35. Kxd1 Qxa3 36. Ke2 d4 37. cxd4 c3 38.
Qd1 Bxc2 39. Bh3+ Kd8 40. Qg1 Qa6+ 41. Kf2 Ne7 42. Qg7 Qg6 43. Qf8+ Qe8 44.
Qf6 Qa4 45. Qd6+ Ke8 46. Bg5 1-0

[Event "8th ch-Euro"]
[Site "Dresden GER"]
[Date "2007.04.08"]
[Round "6"]
[White "Loeffler,S"]
[Black "Hartoch,R"]
[Result "1-0"]
[WhiteElo "2448"]
[BlackElo "2242"]
[EventDate "2007.04.03"]

1. d4 d6 2. e4 Nf6 3. f3 e5 4. Ne2 Be7 5. Be3 O-O 6. Qd2 c6 7. c4 a6 8. d5
b5 9. Na3 cxd5 10. cxd5 Nbd7 11. g4 Nc5 12. Ng3 Nfd7 13. O-O-O Rb8 14. Kb1
b4 15. Nc4 a5 16. Nf5 Nb7 17. h4 Re8 18. h5 Ndc5 19. g5 Bf8 20. Bh3 g6 21.
hxg6 fxg6 22. Nh6+ Bxh6 23. Bxc8 Rxc8 24. Rxh6 Rc7 25. Rdh1 Ree7 26. Bxc5
Nxc5 27. Nxa5 Qa8 28. Qxb4 Ra7 29. Nc6 Reb7 30. Nxa7 Rxb4 31. Rxh7 1-0

[Event "8th ch-Euro"]
[Site "Dresden GER"]
[Date "2007.04.08"]
[Round "6"]
[White "Srienz,C"]
[Black "Brener,I"]
[Result "1/2-1/2"]
[WhiteElo "2208"]
[BlackElo "2413"]
[EventDate "2007.04.03"]

1. c4 e5 2. Nc3 Nf6 3. g3 c6 4. Nf3 e4 5. Nd4 d5 6. cxd5 cxd5 7. d3 Bc5 8.
Nb3 Bb4 9. dxe4 Nxe4 10. Bd2 Bxc3 11. Bxc3 Nxc3 12. bxc3 Nc6 13. Bg2 Ne7
14. O-O O-O 15. Nd4 b6 16. Qd3 Bb7 17. Rfd1 Qc7 18. Rac1 Rac8 19. Nf5 Nxf5
20. Qxf5 Qc4 21. Rc2 Rc5 22. Rd4 Qb5 23. Rb4 Qa5 24. Rh4 h6 25. Qe5 Bc8 26.
Bf3 Be6 27. Kg2 Rfc8 28. Rd4 Rxc3 29. Rxc3 Qxc3 30. Bxd5 Rd8 31. e3 Qc5 32.
Bxe6 Qxe5 33. Rxd8+ Kh7 34. Bxf7 Qe4+ 1/2-1/2

[Event "8th ch-Euro"]
[Site "Dresden GER"]
[Date "2007.04.08"]
[Round "6"]
[White "Potapov,P"]
[Black "Van Hoolandt,P"]
[Result "1-0"]
[WhiteElo "2380"]
[BlackElo "2257"]
[EventDate "2007.04.03"]

1. e4 e5 2. Nf3 Nc6 3. Bb5 Nf6 4. O-O Nxe4 5. d4 Nd6 6. dxe5 Nxb5 7. a4
Nbd4 8. Nxd4 Nxd4 9. Qxd4 d5 10. Nc3 c6 11. a5 Be6 12. f4 g6 13. Qf2 Bb4
14. Bd2 Bxa5 15. Nxd5 Bxd2 16. Nf6+ Kf8 17. Rfd1 Kg7 18. Rxd2 Qb6 19. Qxb6
axb6 20. Rxa8 Rxa8 21. g4 h6 22. Kf2 Kf8 23. Ke3 Ke7 24. Rf2 Rh8 25. h4 Rd8
26. f5 gxf5 27. gxf5 Bc8 28. Rf1 c5 29. c4 b5 30. Nd5+ Kd7 31. cxb5 Ke8 32.
Ke4 Bd7 33. Rd1 Kf8 34. Nc3 Ke8 35. Rd6 h5 36. Nd5 Ra8 1-0

[Event "8th ch-Euro"]
[Site "Dresden GER"]
[Date "2007.04.08"]
[Round "6"]
[White "Grooten,H"]
[Black "Natsidis,C"]
[Result "1-0"]
[WhiteElo "2387"]
[BlackElo "2183"]
[EventDate "2007.04.03"]

1. d4 f5 2. g3 g6 3. Bg2 Nf6 4. Nd2 Bg7 5. b4 O-O 6. Bb2 d5 7. c4 dxc4 8.
Qc2 Nd5 9. Nxc4 Nxb4 10. Qb3 Nd5 11. Ne3 e6 12. Nxd5 exd5 13. Bxd5+ Kh8 14.
Nh3 Rf6 15. Ng5 Nc6 16. Bxc6 bxc6 17. Nf7+ Rxf7 18. Qxf7 Ba6 19. O-O 1-0

[Event "8th ch-Euro"]
[Site "Dresden GER"]
[Date "2007.04.08"]
[Round "6"]
[White "Donchenko,A"]
[Black "Bruned,B"]
[Result "1/2-1/2"]
[WhiteElo "2402"]
[BlackElo "2211"]
[EventDate "2007.04.03"]

1. c4 Nf6 2. Nc3 e6 3. e4 d5 4. e5 d4 5. exf6 dxc3 6. bxc3 Qxf6 7. d4 e5 8.
Nf3 exd4 9. Bg5 Qe6+ 10. Be2 Be7 11. Nxd4 Qe5 12. Bxe7 Qxe7 13. O-O O-O 14.
Re1 1/2-1/2

[Event "8th ch-Euro"]
[Site "Dresden GER"]
[Date "2007.04.08"]
[Round "6"]
[White "Savickas,A"]
[Black "Kaphle,St"]
[Result "1-0"]
[WhiteElo "2360"]
[BlackElo "2128"]
[EventDate "2007.04.03"]

1. c4 Nf6 2. Nc3 g6 3. g3 Bg7 4. Bg2 O-O 5. Nf3 d6 6. O-O e5 7. d3 Nc6 8.
Rb1 a5 9. a3 Nh5 10. b4 axb4 11. axb4 f5 12. b5 Ne7 13. Bb2 h6 14. Qb3 Be6
15. Ne1 c6 16. Nc2 Qc7 17. Ra1 g5 18. Rxa8 Rxa8 19. Ba3 e4 20. b6 Qd7 21.
dxe4 f4 22. Rd1 Be5 23. Bxd6 Qxd6 24. Rxd6 Bxd6 25. e3 Ng6 26. exf4 gxf4
27. Bf3 Nf6 28. Nd4 Bf7 29. Nf5 Bf8 30. Ne2 Ne5 31. h4 Ra3 32. Nxh6+ Kh7
33. Qb2 Nxf3+ 34. Kh1 Bg6 35. Qxf6 Bg7 36. Qe7 Ra1+ 37. Kg2 Ne1+ 38. Kh3
Kxh6 39. Nxf4 Nf3 40. Nxg6 Kxg6 41. Qe6+ 1-0

[Event "8th ch-Euro"]
[Site "Dresden GER"]
[Date "2007.04.08"]
[Round "6"]
[White "Vuilleumier,A"]
[Black "Perlitz,S"]
[Result "1-0"]
[WhiteElo "2368"]
[BlackElo "2141"]
[EventDate "2007.04.03"]

1. g3 g6 2. Bg2 Bg7 3. c4 c6 4. Nf3 Nf6 5. O-O O-O 6. d3 d6 7. Nc3 a5 8.
Rb1 Na6 9. a3 d5 10. cxd5 Nxd5 11. Bd2 Nc5 12. Qc2 a4 13. Nxd5 Qxd5 14. Ng5
Qd6 15. Bb4 b6 16. Ne4 Qc7 17. Nxc5 bxc5 18. Qxc5 Bg4 19. Rfe1 Rac8 20. h3
Be6 21. Qxe7 Qxe7 22. Bxe7 Rfe8 23. Bb4 c5 24. Bc3 Rb8 25. Bc6 1-0

[Event "8th ch-Euro"]
[Site "Dresden GER"]
[Date "2007.04.08"]
[Round "6"]
[White "Bruned,Y"]
[Black "Gnirk,T"]
[Result "1-0"]
[WhiteElo "2335"]
[BlackElo "2131"]
[EventDate "2007.04.03"]

1. e4 c5 2. Nf3 e6 3. d4 cxd4 4. Nxd4 a6 5. Bd3 Bc5 6. Nb3 Ba7 7. Qe2 Nc6
8. Be3 d6 9. O-O e5 10. Bxa7 Rxa7 11. a4 b6 12. Rd1 Nge7 13. Bc4 O-O 14.
Na3 Ng6 15. Rd2 Nf4 16. Qe3 Rd7 17. Rad1 Bb7 18. f3 Kh8 19. g3 Nh3+ 20. Kg2
Ng5 21. h4 Ne6 22. c3 Ne7 23. Bxe6 fxe6 24. Nc4 d5 25. Nxe5 Rd6 26. Kh2 Qc7
27. f4 Ng8 28. exd5 Rxd5 29. Nd4 Nf6 30. Qe2 Rxe5 31. fxe5 Ne4 32. Nxe6
Qxe5 33. Nf4 Nxd2 34. Rxd2 Qc5 35. Qe6 b5 36. axb5 Qxb5 37. Qd7 Bc6 38. Qe7
Re8 39. Rd8 Qxb2+ 40. Kh3 1-0